000 00545nam a2200217 i 4500
001 C2-0276279
003 PPAK
005 20180729000448.0
008 061122s xx |||| ||||| | may d
040 _aPPAK
_beng
_cPPAK
_erda
245 1 0 _aIdola
264 1 _bTayangan Unggul ,
_c[t.t.t.]
336 _2rdacontent
_atext
337 _2rdamedia
_aunmediated
338 _2rdacarrier
_avolume
500 _aVCD 1029/06
700 _eauthor
700 0 _aAziz M. Osman,
_ecompile
700 0 _aAziz M. Osman,
_eeditor
942 _2ddc
_cVCD
999 _c165257
_d165257